[Event "AUTO-OPEN-2693"]
[Site "http://www.queenalice.com/game.php?id=1062880"]
[Date "2012.5.23"]
[Round "1"]
[White "carlosjvega"]
[Black "Lucianoantunes"]
[Result "0-1"]
[WhiteElo "1797"]
[BlackElo "1546"]

1. e4 e5 2. Bc4 Nc6 3. c3 Nf6 4. d4 d6 5. Bg5 h6 6. Bxf6 Qxf6 7. d5 Qg6 8. dxc6
Qxg2 9. Qf3 Qxf3 10. Nxf3 bxc6 11. Nbd2 Be7 12. Nb3 O-O 13. h4 Be6 14. Bxe6 fxe6
15. O-O-O Rxf3 16. Rdf1 Rf4 17. f3 Bxh4 18. Kd1 Rb8 19. Kc2 Bg5 20. Nd2 d5 21.
Rh3 Rff8 22. exd5 exd5 23. b3 Rbd8 24. c4 dxc4 25. Nxc4 e4 26. Ne5 Rd2+ 27. Kc3
Rxa2 28. Nxc6 e3 29. Re1 Rf6 30. Nb4 Rf2 31. Nd5 Rc6+ 32. Kb4 e2 33. f4 Bxf4 34.
Nxf4 Rxf4+ 35. Ka3 Re6 36. Rh2 Rfe4 37. Kb2 c5 38. Kc2 Re3 39. Kd2 Rxb3 0-1

[Event "AUTO-OPEN-2693"]
[Site "http://www.queenalice.com/game.php?id=1062881"]
[Date "2012.5.23"]
[Round "1"]
[White "Lucianoantunes"]
[Black "carlosjvega"]
[Result "0-1"]
[WhiteElo "1572"]
[BlackElo "1810"]

1. e4 e5 2. Nf3 Nc6 3. Bb5 d6 4. Bxc6+ bxc6 5. h3 g6 6. d4 exd4 7. Qxd4 Qf6 8.
e5 dxe5 9. Nxe5 Bd6 10. Nxc6 Qxd4 11. Nxd4 Ne7 12. O-O O-O 13. Re1 Bb7 14. Nb5
Nc8 15. N1c3 a6 16. Nd4 Nb6 17. Be3 c5 18. Nde2 Bc6 19. a3 Nc4 20. Nd1 Nxe3 21.
Nxe3 Rfe8 22. Ng4 Kg7 23. Red1 Bc7 24. Nc3 Rad8 25. Ne3 f5 26. b4 cxb4 27. axb4
Be5 28. Rxa6 Bxc3 29. Rxc6 Rxd1+ 30. Nxd1 Re1+ 31. Kh2 Be5+ 32. f4 Bxf4+ 33. g3
Re2+ 34. Nf2 Rxf2+ 35. Kg1 Bxg3 36. c3 Rb2 37. Rb6 Be1 38. Rb7+ Kh6 39. Rc7 Rb3
40. c4 Rxb4 41. Kf1 Bg3 42. Rc6 Be5 43. Kg2 Kg5 44. Re6 Bd4 45. Rc6 h5 46. Kf3
Rb3+ 47. Kg2 h4 48. Rd6 Be3 49. Rc6 Rc3 0-1

[Event "AUTO-OPEN-2693"]
[Site "http://www.queenalice.com/game.php?id=1062894"]
[Date "2012.5.23"]
[Round "1"]
[White "Lucianoantunes"]
[Black "Venturaxadrez"]
[Result "1-0"]
[WhiteElo "1585"]
[BlackElo "1478"]

1. e4 c5 2. d4 cxd4 3. Qxd4 Nc6 4. Qd1 g6 5. Nc3 Bg7 6. Nb1 Nf6 7. f3 d5 8. Nc3
d4 9. Nb5 a6 10. Na3 O-O 11. Bd3 b5 12. Ne2 e5 13. O-O 1-0

[Event "AUTO-OPEN-2693"]
[Site "http://www.queenalice.com/game.php?id=1062895"]
[Date "2012.5.23"]
[Round "1"]
[White "Venturaxadrez"]
[Black "Lucianoantunes"]
[Result "0-1"]
[WhiteElo "1491"]
[BlackElo "1572"]

1. e4 e5 2. f4 exf4 3. Bc4 g6 4. Nf3 Nf6 5. Nc3 h5 6. d4 g5 7. Nxg5 Nxe4 8.
Bxf7+ Ke7 9. Nd5+ Kd6 10. Nxe4+ Kc6 11. Nb4+ Bxb4+ 12. Bd2 Qe7 13. Bg6 Na6 0-1

[Event "Challenge"]
[Site "http://www.queenalice.com/game.php?id=1078509"]
[Date "2012.7.2"]
[Round "-"]
[White "jjjcarvalho"]
[Black "Lucianoantunes"]
[Result "1/2-1/2"]
[WhiteElo "1583"]
[BlackElo "1607"]

1. e4 e5 2. Nf3 d6 3. h3 Nf6 4. d3 Nc6 5. Bg5 h6 6. Bxf6 Qxf6 7. Qd2 a6 8. c3
Be7 9. Be2 Qg6 10. Rg1 Bxh3 11. gxh3 Qe6 12. Bf1 Bf6 13. Na3 d5 14. exd5 Qxd5
15. Bg2 Qe6 16. Nc2 O-O 17. Kf1 Rfd8 18. Re1 Qxa2 19. b4 Qe6 20. d4 e4 21. Nh2
Bg5 22. Qe2 Bf4 23. Qxe4 Qc4+ 24. Re2 Re8 25. Qf3 Bxh2 26. Rh1 Bd6 27. d5 Ne5
28. Qe3 Ng6 29. Qd2 Nf4 30. Bf3 Nxe2 31. Bxe2 Qe4 32. Rg1 Bh2 33. f3 Qh4 34. Rg4
Qxh3+ 35. Ke1 Bg3+ 36. Kd1 Qh1+ 37. Ne1 Bf2 38. Re4 Rad8 39. Rxe8+ Rxe8 40. c4
Be3 41. Qc3 Qg1 42. c5 Bd4 43. Qd3 Bf2 44. Qd2 Re3 45. d6 cxd6 46. cxd6 Re8 47.
d7 Rd8 48. b5 Be3 49. Qd6 axb5 50. Qe7 Ra8 51. Qe8+ Rxe8 52. dxe8=Q+ Kh7 53.
Bxb5 Qf2 54. Qe4+ Kh8 55. Be2 b6 56. Qc2 Qh4 57. Bd3 g6 58. Qc3+ Kh7 59. Bxg6+
Kxg6 60. Qxe3 Qa4+ 61. Nc2 b5 62. Qe4+ Qxe4 63. fxe4 h5 64. Kd2 h4 65. Ke2 Kg5
66. Kf3 f6 67. Ne3 b4 68. Nd5 b3 69. Nc3 b2 70. Nb1 h3 71. Kg3 h2 72. Kxh2 Kf4
73. Kg2 Kxe4 74. Kf2 Kd3 75. Kf3 Kc2 76. Na3+ Kc1 77. Kf4 b1=Q 78. Nxb1 Kxb1 79.
Kf5 Kc2 80. Kxf6 Kc3 81. Ke5 Kc4 1/2-1/2

[Event "AUTO-OPEN-2693"]
[Site "http://www.queenalice.com/game.php?id=1106471"]
[Date "2012.9.25"]
[Round "2"]
[White "ven10"]
[Black "Lucianoantunes"]
[Result "1-0"]
[WhiteElo "1886"]
[BlackElo "1622"]

1. e4 e5 2. Nf3 d6 3. d4 f6 4. dxe5 fxe5 5. Be2 Qf6 6. O-O a6 7. Nc3 Nc6 8. Bg5
Qg6 9. Nd5 Qf7 10. c4 h6 11. Be3 Nf6 12. Qd3 Nxd5 13. cxd5 Nb4 14. Qc4 a5 15.
Nd2 b6 16. a3 Na6 17. Qc6+ Qd7 18. Qxa8 Nc5 19. Bxc5 dxc5 20. a4 Bd6 21. Bb5 c6
22. Bxc6 Ke7 23. Bxd7 Kxd7 24. Qc6+ Ke7 25. Qxb6 Bd7 26. Qb7 Rb8 27. Qa6 Rxb2
28. Nc4 Bb8 29. Nxb2 Bd6 30. Qxa5 Kf6 31. Qd8+ Kg6 32. Qxd7 Bf8 33. Qf5# 1-0

[Event "AUTO-OPEN-2693"]
[Site "http://www.queenalice.com/game.php?id=1106472"]
[Date "2012.9.25"]
[Round "2"]
[White "Lucianoantunes"]
[Black "ven10"]
[Result "1-0"]
[WhiteElo "1600"]
[BlackElo "1857"]

1. e4 c5 2. Bc4 e6 3. Nf3 d5 4. exd5 exd5 5. Bb5+ Bd7 6. Qe2+ Be7 7. Bxd7+ Qxd7
8. O-O Nf6 9. Nc3 O-O 10. Nb5 Nc6 11. Ne5 Nxe5 12. Qxe5 Qxb5 13. Qxe7 Rfe8 14.
Qd6 Rad8 15. Qg3 d4 16. d3 Re7 17. Bh6 g6 18. Qf4 Nh5 19. Qf3 Qxb2 20. g4 Ng7
21. Qf6 1-0

[Event "AUTO-OPEN-2888"]
[Site "http://www.queenalice.com/game.php?id=1140659"]
[Date "2013.1.14"]
[Round "1"]
[White "kilmison"]
[Black "Lucianoantunes"]
[Result "1-0"]
[WhiteElo "2088"]
[BlackElo "1624"]

1. d4 d5 2. c4 e6 3. Nc3 Bb4 4. cxd5 Bxc3+ 5. bxc3 Qxd5 6. Nf3 Nf6 7. Ba3 Qa5 8.
Qc1 Ne4 9. Bb4 Qb6 10. e3 a5 11. Ba3 Qc6 12. c4 Nd7 13. Bd3 Ndf6 14. Qc2 Nd6 15.
Rb1 O-O 16. Ne5 Qxg2 17. Ke2 g6 18. h3 Qg5 19. Rbg1 Qh5+ 20. Kd2 b6 21. Bc1 Qh4
22. Ke1 Nfe4 23. Bxe4 Nxe4 24. Rg4 Qxf2+ 25. Qxf2 Nxf2 26. Kxf2 f6 27. Nd3 e5
28. Rg3 e4 29. Nf4 g5 30. h4 h6 31. Nd5 Ra7 32. Ba3 Rf7 33. Ne7+ Kh8 34. Nxc8
Ra8 35. Ne7 Kh7 36. Ke2 Re8 37. Nf5 Rg8 38. hxg5 Kg6 39. Ne7+ Rxe7 40. Bxe7 hxg5
41. Rf1 Re8 42. Bxf6 c6 43. Bxg5 b5 44. Bd8+ Kh7 45. Rh1# 1-0

[Event "AUTO-OPEN-2888"]
[Site "http://www.queenalice.com/game.php?id=1140660"]
[Date "2013.1.14"]
[Round "1"]
[White "Lucianoantunes"]
[Black "kilmison"]
[Result "0-1"]
[WhiteElo "1626"]
[BlackElo "2084"]

1. e4 e5 2. Nf3 Nc6 3. Bb5 a6 4. Bxc6 dxc6 5. Nxe5 Qd4 6. Nxf7 Kxf7 7. d3 Nf6 8.
h3 Bc5 9. O-O Rd8 10. a3 Nxe4 11. Qh5+ Kg8 12. dxe4 Bb6 13. Qf3 Rf8 14. Qe2 Re8
15. Nc3 Bf5 16. Be3 Qe5 17. Bxb6 cxb6 18. f3 Qc5+ 19. Kh1 Be6 20. Qe1 Rad8 21.
Qf2 Qxf2 22. Rxf2 b5 23. Ne2 Rd2 24. Rc1 Bc4 25. b3 Rxe2 26. Kg1 Rxf2 27. Kxf2
Be6 28. Rd1 c5 29. g4 b4 30. a4 c4 31. bxc4 Bxc4 32. Rd4 Rc8 33. f4 a5 34. f5
Kf8 35. Ke3 Bf7 36. Kd2 Be8 37. Rd5 b6 38. Rd6 Bxa4 39. Rxb6 Bxc2 40. Ke3 b3 41.
Kd2 a4 42. Kc1 a3 43. f6 Rd8 44. fxg7+ Kxg7 45. Ra6 Rd1# 0-1

[Event "AUTO-OPEN-2888"]
[Site "http://www.queenalice.com/game.php?id=1140679"]
[Date "2013.1.14"]
[Round "1"]
[White "Famelo"]
[Black "Lucianoantunes"]
[Result "1-0"]
[WhiteElo "2115"]
[BlackElo "1626"]

1. f4 d5 2. Nf3 Bg4 3. e3 Bxf3 4. Qxf3 Nf6 5. Nc3 e6 6. Bb5+ c6 7. Be2 Bb4 8.
O-O Bxc3 9. bxc3 Nbd7 10. c4 O-O 11. Bb2 Ne4 12. Rad1 Qa5 13. Bd3 Nec5 14. Qg4
g6 15. Qh4 Qxa2 16. Bd4 Nxd3 17. cxd3 c5 18. Bc3 f6 19. Rf3 Qc2 20. Rdf1 Qxd3
21. Rh3 h5 22. Qg3 Kg7 23. Rxh5 Nb6 24. f5 exf5 25. Rhxf5 Nxc4 26. Bxf6+ Rxf6
27. Rxf6 Nxd2 28. Qc7+ Kg8 29. Qf7+ Kh8 30. R6f4 Nxf1 31. Rh4# 1-0

[Event "AUTO-OPEN-2888"]
[Site "http://www.queenalice.com/game.php?id=1140680"]
[Date "2013.1.14"]
[Round "1"]
[White "Lucianoantunes"]
[Black "Famelo"]
[Result "0-1"]
[WhiteElo "1624"]
[BlackElo "2074"]

1. e4 d6 2. d4 Nf6 3. Nc3 g6 4. h3 Bg7 5. Nf3 O-O 6. Qd2 Nc6 7. Qg5 Nd7 8. Bb5
Nxd4 9. Nxd4 Bxd4 10. Nd5 Re8 11. O-O c6 12. Nxe7+ Qxe7 13. Qg3 cxb5 14. Re1 Qe5
15. c3 Qxg3 16. Be3 Bxe3 17. Rxe3 Qe5 18. Rae1 Nc5 19. f3 Qg3 20. f4 Qxf4 21.
Rf3 Qd2 22. Rf2 Qxe1+ 23. Rf1 Qe3+ 24. Kh1 Nxe4 25. Ra1 Bxh3 26. gxh3 Qxh3+ 27.
Kg1 Nxc3 28. bxc3 Re2 0-1

[Event "AUTO-OPEN-2888"]
[Site "http://www.queenalice.com/game.php?id=1140689"]
[Date "2013.1.14"]
[Round "1"]
[White "siwyjr"]
[Black "Lucianoantunes"]
[Result "1-0"]
[WhiteElo "1178"]
[BlackElo "1568"]

1. Nf3 d5 2. e3 a6 3. b4 e6 4. Bb2 f6 5. c3 Bd7 6. Nh4 f5 7. g3 Nf6 8. a4 Bc6 9.
b5 Bd7 10. c4 g5 11. Nf3 Bg7 12. Nxg5 Qe7 13. Ba3 c5 14. d4 Ne4 15. Qh5+ Kf8 16.
Nc3 Nxg5 17. Bxc5 Qxc5 18. dxc5 Nf7 19. Ne2 dxc4 20. Nd4 axb5 21. a5 1-0

[Event "AUTO-OPEN-2888"]
[Site "http://www.queenalice.com/game.php?id=1140690"]
[Date "2013.1.14"]
[Round "1"]
[White "Lucianoantunes"]
[Black "siwyjr"]
[Result "0-1"]
[WhiteElo "1538"]
[BlackElo "1208"]

1. e4 d6 2. d4 Nc6 3. Bb5 Nf6 4. Bxc6+ bxc6 5. Nc3 Bg4 6. f3 Be6 7. Bg5 Qb8 8.
b3 Nh5 9. g4 Nf6 10. Bxf6 gxf6 11. Qd3 d5 12. e5 fxe5 13. dxe5 Qb6 14. Na4 Qb4+
15. Nc3 Bg7 16. O-O-O Bh6+ 17. Kb2 a5 18. Nge2 a4 19. Nd4 axb3 0-1

[Event "AUTO-INT-2533"]
[Site "http://www.queenalice.com/game.php?id=1140936"]
[Date "2013.1.15"]
[Round "1"]
[White "helderdinizcp"]
[Black "Lucianoantunes"]
[Result "1-0"]
[WhiteElo "1587"]
[BlackElo "1608"]

1. e4 e5 2. Nf3 d6 3. Bc4 a6 4. a3 Nf6 5. Nc3 c6 6. O-O b5 7. Ba2 Qb6 8. h3 b4
9. Na4 Qb5 10. axb4 Qxa4 11. Bxf7+ Kxf7 12. Rxa4 Nxe4 13. b5 cxb5 14. Rxe4 Bf5
15. Ng5+ Kg6 16. Ree1 Kxg5 17. d4+ Kf6 18. dxe5+ dxe5 19. Qd8+ Kg6 20. Qg5+ Kf7
21. Rxe5 1-0

[Event "AUTO-INT-2533"]
[Site "http://www.queenalice.com/game.php?id=1140937"]
[Date "2013.1.15"]
[Round "1"]
[White "Lucianoantunes"]
[Black "helderdinizcp"]
[Result "0-1"]
[WhiteElo "1591"]
[BlackElo "1604"]

1. e4 c5 2. d4 e6 3. Nc3 cxd4 4. Qxd4 Nc6 5. Qd1 Nf6 6. Bb5 d5 7. Bxc6+ bxc6 8.
e5 Nd7 9. Nf3 Ba6 10. a3 Bc5 11. Ne2 Rb8 12. O-O O-O 13. Re1 h6 0-1

[Event "AUTO-INT-2533"]
[Site "http://www.queenalice.com/game.php?id=1140950"]
[Date "2013.1.15"]
[Round "1"]
[White "Lucianoantunes"]
[Black "kakocarvalho"]
[Result "0-1"]
[WhiteElo "1622"]
[BlackElo "1649"]

1. e4 d5 2. Qf3 dxe4 3. Qxe4 Nf6 4. Qa4+ Nc6 5. d4 Bd7 6. Qb3 Nxd4 7. Qxb7 Nxc2+
8. Ke2 Nxa1 9. Kd1 Bc6+ 10. Bd2 Bxb7 11. Na3 e6 12. Nb1 Ne4 13. Nf3 Nxd2 14.
Nfxd2 Bb4 15. Nc3 O-O 16. Be2 Bxg2 17. Rg1 Bc6 18. a3 Bxc3 19. bxc3 Ba4+ 20. Kc1
Nb3+ 21. Nxb3 Bxb3 22. Bf3 Qd3 23. Bd1 Bxd1 24. Rxd1 Qxc3+ 25. Kb1 Rab8+ 26. Ka2
Qb2# 0-1

[Event "AUTO-INT-2533"]
[Site "http://www.queenalice.com/game.php?id=1140951"]
[Date "2013.1.15"]
[Round "1"]
[White "kakocarvalho"]
[Black "Lucianoantunes"]
[Result "0-1"]
[WhiteElo "1695"]
[BlackElo "1606"]

1. c4 e5 2. Nc3 Bb4 3. g3 Bxc3 4. bxc3 d5 5. cxd5 Qxd5 6. f3 a6 7. Bg2 Nc6 8. e4
Qd8 9. Ne2 h6 10. O-O Nf6 11. Qb3 O-O 12. Ba3 Re8 13. Rfd1 Rb8 14. d4 Na5 15.
Qc2 Nc4 16. dxe5 Nd7 17. e6 fxe6 18. Qb3 b5 19. Qb1 Nxa3 20. Qb3 Nc4 21. Rd4 c5
22. Rd3 Ncb6 23. Rd6 c4 24. Qc2 Qe7 25. e5 Nxe5 26. Rad1 Nd5 27. R6xd5 exd5 28.
Nd4 Qc5 29. Kh1 Nd3 30. f4 Bg4 31. Rf1 b4 32. Nf3 bxc3 33. Qxc3 Nf2+ 34. Rxf2
Qxf2 35. Ne5 Rb1+ 0-1